Faleolo International Airport Destinations (Apia, Samoa) - Statistics

General Stats
  • This quiz has been taken 41 times
    12 since last reset
  • The average score is 4 of 6
Answer Stats
Airline Destination % Correct
Air New Zealand Auckland
100%
Qantas/Virgin Australia Brisbane
100%
Fiji Airways Nadi
82%
Samoa Airways/Talofa Airways Pago Pago
64%
Fiji Airways Honolulu
27%
Samoa Airways Savai'i
9%
No matching quizzes found
Score Distribution
Percent of People with Each Score
Percentile by Number Answered
Your Score History
You have not taken this quiz since the last reset